| 000 | 00735nmc a2200301 a 4500 | ||
|---|---|---|---|
| 003 | AR-BaBNM | ||
| 005 | 20251128211520.0 | ||
| 008 | 264120s1997 ||||||||||||||000 | spa|| | ||
| 020 | _a950-07-1252-0 | ||
| 040 | _cAR-BaBNM | ||
| 100 | 1 | _aZarji, Nurit | |
| 245 | 1 | 0 | _aMomi |
| 260 |
_aBuenos Aires _bSudamericana _c1997 |
||
| 300 | _a87 p. | ||
| 490 | 0 |
_aNovela _vv. 11 |
|
| 500 | _aContiene biografĂa de la autora en la contratapa | ||
| 650 | 4 | _aLITERATURA INFANTIL | |
| 650 | 4 | _aNOVELAS | |
| 650 | 4 | _aADOLESCENTES | |
| 650 | 4 | _aJUVENTUD | |
| 650 | 4 | _aLIBROS PARA NINOS | |
| 651 | 4 | _aIsrael | |
| 655 | _aLITERATURA | ||
| 700 | 1 |
_aGarber, Raquel _etraductor |
|
| 800 | 0 | _aCanela | |
| 942 | _cBK | ||
| 998 | _cmartin | ||
| 999 |
_c19988 _d19988 |
||